I Giorni Di Perky Pat E Altre Storie

-д хадгалсан:
Номзүйн дэлгэрэнгүй
Үндсэн зохиолч: Carlo
Формат: Ном
Хэл сонгох:Тодорхойгүй
Хэвлэсэн: Solaria Fanucci
Шошгууд: Шошго нэмэх
Шошго байхгүй, Энэхүү баримтыг шошголох эхний хүн болох!

MARC

LEADER 00000nam a2200000Ia 4500
001 R-1829
003 CODICE-MESSINA
005 20260212102522.0
008 260211s9999 xx 000 0 und d
040 |c importazione_messina 
100 |a Carlo 
245 0 |a I Giorni Di Perky Pat E Altre Storie 
260 |b Solaria Fanucci 
942 |2 ddc  |c BK 
952 |0 0  |1 0  |2 ddc  |4 0  |6 SCAFFALE_18_000000000000000__STANZA_2__ROMANZI  |7 0  |9 32669  |a ME  |b ME  |d 2026-02-11  |l 0  |o SCAFFALE 18 - STANZA 2 - ROMANZI  |p R-1829  |r 2026-02-11 23:53:19  |w 2026-02-11  |x [REVISIONARE]  |y BK 
999 |c 28336  |d 28336